ՄԱՅՐ ԱԹՈՌ ՍՈՒՐԲ ԷՋՄԻԱԾԻՆ

«ՎԱՉԵ ԵՎ ԹԱՄԱՐ ՄԱՆՈՒԿՅԱՆ» ՄԱՏԵՆԱԴԱՐԱՆ

Հայկական հնագրություն : (Record no. 44799)

MARC details
000 -LEADER
fixed length control field 01964nam a2200265 u 4500
003 - CONTROL NUMBER IDENTIFIER
control field SEM
005 - DATE AND TIME OF LATEST TRANSACTION
control field 20250617124615.0
008 - FIXED-LENGTH DATA ELEMENTS--GENERAL INFORMATION
fixed length control field 031014s1987 ai ||||gr||||||01|0|arm|d
040 ## - CATALOGING SOURCE
Original cataloging agency SEM
Transcribing agency SEM
041 0# - LANGUAGE CODE
Language code of text/sound track or separate title arm
080 ## - UNIVERSAL DECIMAL CLASSIFICATION NUMBER
Universal Decimal Classification number 930.27(47.925)(075.8)/Մ-47
100 1# - MAIN ENTRY--PERSONAL NAME
Personal name Մելիք-Բախշյան, Ստեփան Տիգրանի
Dates associated with a name (1924-1998)
245 10 - TITLE STATEMENT
Title Հայկական հնագրություն :
Remainder of title Դասագիրք պատմության և բանասիրության մասնագիտությունների ուսանողների համար /
Statement of responsibility, etc. Ստ. Ս. Մելիք-Բախշյան ; Խմբ.՝ Ս. Պ. Լալաֆարյան ; Երևանի պետական համալսարան
260 ## - PUBLICATION, DISTRIBUTION, ETC.
Place of publication, distribution, etc. Երևան :
Name of publisher, distributor, etc. Երևանի համալսարանի հրատ.,
Date of publication, distribution, etc. 1987.
300 ## - PHYSICAL DESCRIPTION
Extent 210 էջ ;
Other physical details նկ. ; աղյս. ;
Dimensions 21 սմ
500 ## - GENERAL NOTE
General note [Գրի մշակույթը Հին Հայաստանում: Հայկական գրերն ու նրանց տեսակները: Կետադրության և առոգանության նշաններ: Համառոտագրություն և հապավում: Կապգրեր: Թվականների գործածությունը հայերենում: Գաղափարագրեր կամ նշանագրեր: Ծածկագրություն: Տոմրա: Հայկական երաժշտական նշաններ՝ խազեր: Մանրանկարչություն: Ձեռագրական արվեստը Հայաստանում:]
504 ## - BIBLIOGRAPHY, ETC. NOTE
Bibliography, etc. note Հավելված՝ էջ 131-184; Հավելվածում դրվող նկ. վերլուծ.՝ էջ 185-208; Ցանկ հանձն. գրակ.՝ էջ 209:
650 14 - SUBJECT ADDED ENTRY--TOPICAL TERM
Topical term or geographic name entry element Հնագրություն
Geographic subdivision Հայաստան
General subdivision դասագիրք
650 14 - SUBJECT ADDED ENTRY--TOPICAL TERM
Topical term or geographic name entry element Հայ մշակույթ
General subdivision Հին աշխարհ
650 14 - SUBJECT ADDED ENTRY--TOPICAL TERM
Topical term or geographic name entry element Հայոց գրեր
General subdivision պատմություն
-- տեսակներ
653 ## - INDEX TERM--UNCONTROLLED
Uncontrolled term Սէմ
700 1# - ADDED ENTRY--PERSONAL NAME
Personal name Լալաֆարյան, Ս. Պ.
Relator term խմբ.
Relationship edt.
710 2# - ADDED ENTRY--CORPORATE NAME
Corporate name or jurisdiction name as entry element Երևանի պետական համալսարան
942 ## - ADDED ENTRY ELEMENTS (KOHA)
Source of classification or shelving scheme Universal Decimal Classification
Koha item type Գրքեր/Books
Holdings
Withdrawn status Lost status Source of classification or shelving scheme Damaged status Not for loan Collection code Home library Current library Date acquired Cost, normal purchase price Inventory number Total Checkouts Full call number Barcode Date last seen Price effective from Koha item type Public note
    Universal Decimal Classification     Գրապահոց Մայր Աթոռ Սուրբ Էջմիածին «Վաչե և Թամար Մանուկյան» Մատենադարան Մայր Աթոռ Սուրբ Էջմիածին «Վաչե և Թամար Մանուկյան» Մատենադարան 03/11/2017 1200.00 11907   930.27(47.925)(075.8)/Մ-47 11907 16/11/2014 16/11/2014 Գրքեր/Books Սպասարկվում է 30 օր
    Universal Decimal Classification     Գրապահոց Մայր Աթոռ Սուրբ Էջմիածին «Վաչե և Թամար Մանուկյան» Մատենադարան Մայր Աթոռ Սուրբ Էջմիածին «Վաչե և Թամար Մանուկյան» Մատենադարան 03/11/2017   15989   930.27(47.925)(075.8)/Մ-47 15989 16/11/2014 16/11/2014 Գրքեր/Books Սպասարկվում է 30 օր
    Universal Decimal Classification     Գրապահոց Մայր Աթոռ Սուրբ Էջմիածին «Վաչե և Թամար Մանուկյան» Մատենադարան Մայր Աթոռ Սուրբ Էջմիածին «Վաչե և Թամար Մանուկյան» Մատենադարան 03/11/2017 1200.00 7074   930.27(47.925)(075.8)/Մ-47 7074 16/11/2014 16/11/2014 Գրքեր/Books Սպասարկվում է ընթերցասրահ
    Universal Decimal Classification     Գրապահոց Մայր Աթոռ Սուրբ Էջմիածին «Վաչե և Թամար Մանուկյան» Մատենադարան Մայր Աթոռ Սուրբ Էջմիածին «Վաչե և Թամար Մանուկյան» Մատենադարան 03/11/2017 1200.00 6229Ա   930.27(47.925)(075.8)/Մ-47 6229Ա 03/11/2017 03/11/2017 Գրքեր/Books Սպասարկվում է 30 օր
    Universal Decimal Classification     Գրապահոց Մայր Աթոռ Սուրբ Էջմիածին «Վաչե և Թամար Մանուկյան» Մատենադարան Մայր Աթոռ Սուրբ Էջմիածին «Վաչե և Թամար Մանուկյան» Մատենադարան 03/11/2017 2000.00 27366   930.27(47.925)(075.8)/Մ-47 27366 03/11/2017 03/11/2017 Գրքեր/Books Սպասարկվում է 30 օր
    Universal Decimal Classification     Գրապահոց Մայր Աթոռ Սուրբ Էջմիածին «Վաչե և Թամար Մանուկյան» Մատենադարան Մայր Աթոռ Սուրբ Էջմիածին «Վաչե և Թամար Մանուկյան» Մատենադարան 26/05/2025 2000.00 Հովհ-720   930.27(47.925)(075.8)/Մ-47 Հովհ-720 26/05/2025 26/05/2025 Գրքեր/Books Սպասարկվում է ընթերցասրահ